000 00622nam a2200205Ia 4500
001 9017
003 GE_BSU
008 181216s||||||||xx |||||||||||||| ||und||
040 _cGE_BSU
080 _a821.353.1–2
100 _aკლდიაშვილი,სერგო
245 _aპიესები და მოთხრობები
245 _cრედ.შ.აფხაიძე
260 _aთბილისი
260 _bსახელგამი
260 _c1964
300 _a540გვ.20სმ.
653 _aპიესები და მოთხრობები
942 _cBK
999 _c42322
_d42322